Ventaja competitiva. Creación y sostenibilidad de un rendimiento superior

Guardat en:
Dades bibliogràfiques
Autor principal: Porter, Michael E (Autor)
Format: Llibre
Idioma:espanyol
Publicat: Madrid, España Pirámide 2010
Matèries:
Accés en línia:Disponible Online
Etiquetes: Afegir etiqueta
Sense etiquetes, Sigues el primer a etiquetar aquest registre!

MARC

LEADER 00000cam a2200000 a 4500
001 UCG7394
003 CL-VaPUC
005 20220923143500.0
008 110727e20100000SP |||||||||||||||||spa|d
020 |a 9788436823219 
040 |c Pontificia Universidad Católica de Valparaíso 
082 0 4 |a 658.8 POR 2010  |2 21 
100 0 |a Porter, Michael E  |e author  |9 558111 
245 1 0 |a Ventaja competitiva.  |b Creación y sostenibilidad de un rendimiento superior 
260 |a Madrid, España   |b Pirámide  |c 2010 
300 |a 589 páginas  
583 |a last modification  |c 20180720 11:46:30  |k Rodrigo Vera 
650 0 |a Gestión de la producción   |9 259467 
650 0 |a Productividad   |9 335972 
650 0 |a Competitividad   |9 308495 
650 0 |a Planificación estratégica   |9 259735 
856 |u http://bibliografiadigital.pucv.cl.pucv.idm.oclc.org/index.php/bibliotecapucv/catalog/book/451  |y Disponible Online  
942 |c BK  |2 ddc 
945 |d 20110727 00:00:00  |a dcastane 
999 |c 345406  |d 345404 
952 |0 0  |1 0  |4 0  |6 658_800000000000000_POR_2010  |7 0  |8 R  |9 444097  |a BIBGIM  |b BIBGIM  |d 2019-11-22  |i 4788583  |o 658.8 POR 2010  |p 4788583  |r 2025-01-15  |w 2019-11-22  |y BK_R  |k GIM 
952 |0 0  |1 0  |3 erd  |4 0  |6 658_800000000000000_POR_2010  |7 0  |8 R  |9 444098  |a BIBGIM  |b BIBGIM  |i 5481821  |o 658.8 POR 2010  |p 5481821  |r 2025-01-15  |w 2019-11-22  |y BK_R  |z Catalogado en:20180720  |k COM 
952 |0 0  |1 0  |3 erd  |4 0  |6 658_800000000000000_POR_2010  |7 0  |8 R  |9 444099  |a BIBGIM  |b BIBGIM  |i 5481813  |l 1  |o 658.8 POR 2010  |p 5481813  |r 2025-01-15  |s 2022-09-06  |w 2019-11-22  |y BK_R  |z Catalogado en:20180720  |k COM 
952 |0 0  |1 0  |3 erd  |4 0  |6 658_800000000000000_POR_2010  |7 0  |8 R  |9 444100  |a BIBGIM  |b BIBGIM  |i 5481805  |l 6  |o 658.8 POR 2010  |p 5481805  |r 2025-01-15  |s 2022-09-06  |w 2019-11-22  |y BK_R  |z Catalogado en:20180720  |k COM 
952 |0 0  |1 0  |3 erd  |4 0  |6 658_800000000000000_POR_2010  |7 0  |8 R  |9 444101  |a BIBGIM  |b BIBGIM  |i 5481791  |l 1  |o 658.8 POR 2010  |p 5481791  |r 2025-01-15  |s 2022-09-06  |w 2019-11-22  |y BK_R  |z Catalogado en:20180720  |k COM 
952 |0 0  |1 0  |3 erd  |4 0  |6 658_800000000000000_POR_2010  |7 0  |8 R  |9 444102  |a BIBGIM  |b BIBGIM  |i 5481783  |l 2  |o 658.8 POR 2010  |p 5481783  |r 2025-01-15  |s 2022-08-26  |w 2019-11-22  |y BK_R  |z Catalogado en:20180720  |k COM